La Vierge Marie /

Сохранить в:
Библиографические подробности
Главный автор: Guitton, Jean (autor)
Формат:
Язык:французский
Опубликовано: París, Francia : Aubier-Montaigne, 1949, c1949
Серии:(Livre de Vie Montaigne ; 13)
Предметы:
Метки: Добавить метку
Нет меток, Требуется 1-ая метка записи!

MARC

LEADER 00000nam^a2200000^a^4500
001 000182301
005 20250521000000.0
009 20260310102003.679
037 |a Acervo ITESO - Biblioteca 
041 |a FRA 
082 |a 232. 91  |b GUI 
100 |a Guitton, Jean  |e (autor) 
245 1 3 |a La Vierge Marie /  |c J. Guitton. 
264 4 |a París, Francia :  |b Aubier-Montaigne,  |c 1949, c1949 
300 |a 250 p. 
336 |a texto  |b txt  |2 rdacontenido 
337 |a sin mediación  |b n  |2 rdamedio 
338 |a volumen  |b nc  |2 rdasoporte 
440 1 |a (Livre de Vie Montaigne ;  |v 13) 
649 |a XX 
650 |a Virgen María -  |x Biografías 
650 |a Virgen María -  |x Culto 
650 |a Virgen María -  |x Tema Principal 
650 |a Culto Religioso 
650 |a Teología Doctrinal 
650 |a Catolicismo 
650 |a Cristianismo 
650 |a Religión 
910 |a Fondo General 
920 |a Impresos - Libros 
930 |a Colección General 
905 |a 101 
901 |a 0500122157  |b IT1  |c ACC  |u 20250521 
902 |a https://opac.biblio.iteso.mx/vufind/Record/000182301